| 000 | 00776nam a2200205Ii 4500 | ||
|---|---|---|---|
| 003 | JO-AjNU | ||
| 008 | 230605s9999||||xx |||||||||||||| ||und|| | ||
| 040 |
_aJO-AjNU _bara _erda _cJO-AjNU |
||
| 041 | _aara | ||
| 050 | 1 | 4 | _aDS221.A8278 1984 |
| 100 | 3 |
_aعبده، أسعد سليمان, _eauthor _939353 |
|
| 245 | 0 | 0 | _aمعجم أسماء الأماكن في المملكة العربية السعودية المكتوبة على خريطة جزيرة العرب مقياس رسم 1 : 2،000،000 |
| 250 | _aط1 | ||
| 264 | 3 | 1 | _aالسعودية: مكتبة المدني، 1984 |
| 300 | _a132ص | ||
| 336 |
_atext _btxt _2rdacontent |
||
| 337 |
_aunmediated _bn _2rdamedia |
||
| 338 |
_avolume _bnc _2rdacarrier |
||
| 650 | 4 |
_aالسعودية-معجم اماكن _939354 |
|
| 999 |
_aA16613 _c20181 _d20181 |
||